Central Library OPAC University of Rajshahi

Heber's Indian journal, (Record no. 23221)

MARC details
000 -LEADER
fixed length control field 00964cam a22002891 4500
001 - CONTROL NUMBER
control field 23221
003 - CONTROL NUMBER IDENTIFIER
rucl marc code BD-RjUL
005 - DATE AND TIME OF LATEST TRANSACTION
control field 20211209000915.0
008 - FIXED-LENGTH DATA ELEMENTS--GENERAL INFORMATION
fixed length control field 140310s1923 xx 000 0 eng
035 ## - SYSTEM CONTROL NUMBER
System control number (BD-RjUL)23286
System control number (OCoLC)5061103
040 ## - CATALOGING SOURCE
Original cataloging agency DLC
Transcribing agency OCl
Modifying agency DLC
Language of cataloging eng
041 ## - LANGUAGE CODE
Language code of text/sound track or separate title eng
082 ## - DEWEY DECIMAL CLASSIFICATION NUMBER
Classification number 915.4
Author mark and year HEH 1923
100 1# - MAIN ENTRY--PERSONAL NAME
Personal name Heber, Reginald,
Dates associated with a name 1783-1826.
9 (RLIN) 71578
245 00 - TITLE STATEMENT
Title Heber's Indian journal,
Remainder of title a selection, with an introduction
Statement of responsibility, etc. by P. R. Krishnaswami.
260 ## - PUBLICATION, DISTRIBUTION, ETC. (IMPRINT)
Place of publication, distribution, etc. London [etc.] :
Name of publisher, distributor, etc. H. Milford, Oxford university press,
Date of publication, distribution, etc. 1923.
300 ## - PHYSICAL DESCRIPTION
Pagination xiv, 221 p. incl. front. ;
Size 19 cm.
490 0# - SERIES STATEMENT
Series statement An Eastern library, no. III
500 ## - GENERAL NOTE
General note Selections from the "Narrative" of Bishop Heber's journeys, 1824-26.
651 #0 - SUBJECT ADDED ENTRY--GEOGRAPHIC NAME
Geographic name India
General subdivision Description and travel.
9 (RLIN) 71579
Geographic name India
General subdivision Social life and customs.
9 (RLIN) 71580
700 1# - ADDED ENTRY--PERSONAL NAME
Personal name Krishnasvāmi, P. R.
942 ## - ADDED ENTRY ELEMENTS (KOHA)
Source of classification or shelving scheme Dewey Decimal Classification
Koha item type Books
Holdings
Lost status Source of classification or shelving scheme Damaged status Not for loan Collection code Permanent Location Current Location Shelving location Date acquired Total Checkouts Full call number Date last seen Copy number Koha item type
  Dewey Decimal Classification   Added to bundle Non-fiction Central Library, University of Rajshahi Central Library, University of Rajshahi Reading Room 10/03/2014   915.4 HEH 1923 10/03/2014 C-1 Books